[Event "Oberliga Ost B 2016 2017"]
[Site "Germany"]
[Date "2016.11.20"]
[Round "3.4"]
[White "Richter, Dustin"]
[Black "Chandler, Patrick"]
[Result "1/2-1/2"]
[WhiteElo "2130"]
[BlackElo "2154"]
[PlyCount "185"]
[EventDate "2016.10.16"]
[EventType "team-tourn"]
[EventCountry "GER"]
[WhiteTeam "Sangerhausen SV"]
[BlackTeam "Frankfurt SC Koenig Nied"]
[WhiteTeamCountry "GER"]
[BlackTeamCountry "GER"]

1. Nf3 Nf6 2. g3 d5 3. Bg2 c6 4. O-O Bf5 5. d3 h6 6. Nbd2 e6 7. b3 Be7 8. Bb2
O-O 9. Ne5 Nbd7 10. e4 Bh7 11. Nxd7 Nxd7 12. e5 Qb6 13. Kh1 a5 14. f4 a4 15.
Qe2 a3 16. Bc1 Bb4 17. Nf3 Bc3 18. Rb1 Qa5 19. g4 Rae8 20. Bd2 Bxd2 21. Qxd2
Qxd2 22. Nxd2 f6 23. exf6 Nxf6 24. h3 e5 25. fxe5 Rxe5 26. Rbe1 Rfe8 27. Rxe5
Rxe5 28. Nb1 Re8 29. Rf4 b5 30. b4 Kf8 31. Kg1 Ke7 32. Nd2 Kd6 33. Nb3 Ra8 34.
Kf2 Bg6 35. Ke3 Nd7 36. Kd2 Be8 37. Rf2 Ne5 38. Nd4 Bd7 39. Nf5+ Bxf5 40. Rxf5
Ra7 41. Kc3 Nf7 42. Kb3 Ng5 43. h4 Ne6 44. c3 g5 45. Rf6 Rh7 46. h5 Ke7 47. Rf5
Nf4 48. Bf1 Kd7 49. Re5 Kd6 50. d4 Rf7 51. Re1 Ne6 52. Kxa3 Rf3 53. Kb2 Nf4 54.
a4 bxa4 55. b5 cxb5 56. Bxb5 a3+ 57. Kxa3 Rxc3+ 58. Kb4 Rc8 59. Ra1 Ne6 60.
Ra6+ Ke7 61. Ra7+ Kf8 62. Rh7 Rc1 63. Bd3 Nxd4 64. Rxh6 Nc6+ 65. Kb3 Ne5 66.
Bf5 d4 67. Rd6 Rc3+ 68. Ka2 d3 69. h6 Rc2+ 70. Kb3 Rh2 71. h7 d2 72. Rxd2 Rh3+
73. Ka2 Kg7 74. Rd8 Rh2+ 75. Kb1 Nxg4 76. Rg8+ Kf6 77. Rf8+ Kg7 78. Rg8+ Kf6
79. Bd3 Ne5 80. Bc2 Nf7 81. Rg6+ Ke7 82. Ra6 g4 83. Ra7+ Kf6 84. Ra6+ Kg7 85.
Ra5 Ne5 86. Ra7+ Kf6 87. Ra8 Nf7 88. Rg8 Rh4 89. Kc1 Rh6 90. Rxg4 Ng5 91. Ra4
Rh1+ 92. Kb2 Nxh7 93. Ra6+ 1/2-1/2

[Event "Oberliga Ost B 2016 2017"]
[Site "Germany"]
[Date "2016.11.20"]
[Round "3.5"]
[White "Prenzler, Daniel"]
[Black "Engelmann, Jakob"]
[Result "0-1"]
[WhiteElo "2237"]
[BlackElo "2256"]
[PlyCount "54"]
[EventDate "2016.10.16"]
[EventType "team-tourn"]
[EventCountry "GER"]
[WhiteTeam "Frankfurt SC Koenig Nied"]
[BlackTeam "Sangerhausen SV"]
[WhiteTeamCountry "GER"]
[BlackTeamCountry "GER"]

1. e4 c6 2. d4 d5 3. Nd2 dxe4 4. Nxe4 Bf5 5. Ng3 Bg6 6. h4 h6 7. Nf3 Nd7 8. h5
Bh7 9. Bd3 Bxd3 10. Qxd3 e6 11. Bd2 Ngf6 12. O-O-O Be7 13. Qe2 O-O 14. Nf1 Qc7
15. g4 Nd5 16. c4 Nf4 17. Qe4 Bg5 18. Ng3 Nf6 19. Qc2 Nxg4 20. Ne4 f5 21. Nexg5
hxg5 22. Bb4 Rf6 23. Nxg5 Rh6 24. Rde1 Rd8 25. Bc3 Qe7 26. Qxf5 Nxf2 27. Rhf1
Rf8 0-1

[Event "Oberliga Ost B 2016 2017"]
[Site "Germany"]
[Date "2016.11.20"]
[Round "3.6"]
[White "Hellwig, Tobias"]
[Black "Perlitz, Sven"]
[Result "1/2-1/2"]
[WhiteElo "2182"]
[BlackElo "2065"]
[PlyCount "137"]
[EventDate "2016.10.16"]
[EventType "team-tourn"]
[EventCountry "GER"]
[WhiteTeam "Sangerhausen SV"]
[BlackTeam "Frankfurt SC Koenig Nied"]
[WhiteTeamCountry "GER"]
[BlackTeamCountry "GER"]

1. d4 Nf6 2. c4 g6 3. Nc3 d5 4. e3 Bg7 5. Nf3 O-O 6. Be2 c5 7. O-O cxd4 8. Nxd4
dxc4 9. Bxc4 a6 10. b3 b5 11. Be2 Bb7 12. Bf3 Qb6 13. Ba3 Re8 14. Rc1 Nbd7 15.
Bxb7 Qxb7 16. Qf3 Qxf3 17. gxf3 Rac8 18. Ne4 Ne5 19. Kg2 Nd5 20. f4 Nd3 21.
Rxc8 Rxc8 22. Rd1 b4 23. Rxd3 bxa3 24. Rd2 Nb4 25. f5 Rd8 26. fxg6 hxg6 27. Nc3
Bxd4 28. exd4 Rc8 29. Nb1 Rc2 30. Rxc2 Nxc2 31. Kf1 Kg7 32. d5 Nb4 33. Nxa3
Nxa2 34. Ke2 Nc1+ 35. Kd2 Nxb3+ 36. Kc3 Nc1 37. Nc4 Kf6 38. d6 exd6 39. Nxd6
Ke6 40. Nc4 Ne2+ 41. Kd3 Nf4+ 42. Ke4 Nh3 43. f3 f5+ 44. Kd4 Ng1 45. Ke3 Kd5
46. Nb6+ Kc6 47. Nc4 g5 48. Kf2 Nh3+ 49. Kg3 Nf4 50. h4 Nh5+ 51. Kh3 gxh4 52.
Kxh4 Ng7 53. Kg5 Kc5 54. Nb2 Kd4 55. Kf6 Ke3 56. Kxg7 Kxf3 57. Kf6 Ke4 58. Ke6
f4 59. Kd6 f3 60. Nd1 Kd3 61. Kc5 Ke2 62. Nc3+ Ke1 63. Ne4 Ke2 64. Kb6 Ke3 65.
Ng3 f2 66. Kxa6 Kf3 67. Nf1 Ke2 68. Nh2 f1=N 69. Nxf1 1/2-1/2

[Event "Oberliga Ost B 2016 2017"]
[Site "Germany"]
[Date "2016.11.20"]
[Round "3.7"]
[White "Rosa, Mike"]
[Black "Hillmann, Michael"]
[Result "1/2-1/2"]
[WhiteElo "2074"]
[BlackElo "2162"]
[PlyCount "120"]
[EventDate "2016.10.16"]
[EventType "team-tourn"]
[EventCountry "GER"]
[WhiteTeam "Frankfurt SC Koenig Nied"]
[BlackTeam "Sangerhausen SV"]
[WhiteTeamCountry "GER"]
[BlackTeamCountry "GER"]

1. e4 d5 2. exd5 Qxd5 3. Nc3 Qd6 4. g3 Nf6 5. Bg2 c6 6. d4 Bg4 7. Nge2 e6 8.
Bf4 Qd8 9. O-O Be7 10. f3 Bh5 11. h4 Bg6 12. g4 h5 13. g5 Nd5 14. Nxd5 cxd5 15.
Bh3 Nc6 16. c3 Qb6 17. Qd2 Qa6 18. Rfe1 Na5 19. Ng3 Qd3 20. Qf2 Qa6 21. Re2 Bd3
22. Re3 Bb5 23. g6 Bd7 24. gxf7+ Kxf7 25. Rae1 Bxh4 26. Bxe6+ Bxe6 27. Rxe6 Qd3
28. R6e5 Rad8 29. Bg5 Bxg5 30. Rxg5 g6 31. Ree5 Qc4 32. f4 Nc6 33. f5 Nxe5 34.
dxe5 Rdf8 35. Rxg6 h4 36. Qxa7 Qc8 37. Rb6 Kg8 38. Rxb7 Rh6 39. Rg7+ Kh8 40.
Rg6 Rh7 41. Qd4 Qc7 42. e6+ Rg7 43. Qxh4+ Kg8 44. e7 Rb8 45. Rxg7+ Kxg7 46.
Qg5+ Kf7 47. Qg6+ Kxe7 48. Qg7+ Kd6 49. Qf6+ Kc5 50. b4+ Kb5 51. Ne2 Qb6+ 52.
Qxb6+ Rxb6 53. Kf2 Ra6 54. Ke3 Kc4 55. Nf4 Rf6 56. Ne2 Rxf5 57. a4 Rh5 58. Kd2
Rh3 59. a5 Rf3 60. Kc2 Rh3 1/2-1/2

[Event "Oberliga Ost B 2016 2017"]
[Site "Germany"]
[Date "2016.11.20"]
[Round "3.8"]
[White "Duchrow, Oliver"]
[Black "Machowitsch, Wolf"]
[Result "1-0"]
[WhiteElo "2069"]
[BlackElo "1976"]
[PlyCount "41"]
[EventDate "2016.10.16"]
[EventType "team-tourn"]
[EventCountry "GER"]
[WhiteTeam "Sangerhausen SV"]
[BlackTeam "Frankfurt SC Koenig Nied"]
[WhiteTeamCountry "GER"]
[BlackTeamCountry "GER"]

1. e4 e6 2. d4 d5 3. Nc3 Nf6 4. exd5 Nxd5 5. Ne4 c5 6. dxc5 Bxc5 7. Nxc5 Qa5+
8. Bd2 Qxc5 9. Nf3 Nc6 10. a3 a5 11. c4 Nf6 12. Be3 Qe7 13. h3 e5 14. Be2 Bf5
15. O-O O-O 16. Qa4 Ne4 17. Rad1 Rfd8 18. Bb6 Rdc8 19. Rfe1 f6 20. Bd3 Nd6 21.
c5 1-0

[Event "Oberliga Ost B 2016 2017"]
[Site "Germany"]
[Date "2016.11.20"]
[Round "3.1"]
[White "Keller, Peter"]
[Black "Rafiee, Makan"]
[Result "0-1"]
[WhiteElo "2285"]
[BlackElo "2318"]
[PlyCount "82"]
[EventDate "2016.10.16"]
[EventType "team-tourn"]
[EventCountry "GER"]
[WhiteTeam "Frankfurter TV"]
[BlackTeam "Kasseler SK"]
[WhiteTeamCountry "GER"]
[BlackTeamCountry "GER"]

1. e4 e5 2. Nf3 Nc6 3. Bb5 a6 4. Ba4 Nf6 5. O-O Be7 6. d3 b5 7. Bb3 d6 8. a3
O-O 9. Nc3 Na5 10. Ba2 c5 11. Nd5 Be6 12. b4 Nc6 13. c3 h6 14. Be3 Ng4 15. Bd2
Re8 16. Ne1 Bf8 17. Nc2 Ne7 18. Nc7 Qxc7 19. Bxe6 Nxh2 20. Bxf7+ Kxf7 21. Kxh2
Kg8 22. Ne3 Kh7 23. Kh1 Rad8 24. Qb3 Qc6 25. Qe6 c4 26. dxc4 Qxe4 27. cxb5 axb5
28. c4 Ng6 29. Qd5 Qh4+ 30. Kg1 Nf4 31. Qf3 e4 32. Qd1 Re5 33. g3 Qh3 34. Qg4
Ne2+ 35. Qxe2 Rh5 36. Qxh5 Qxh5 37. cxb5 Qxb5 38. a4 Qe2 39. Bc3 d5 40. Rfd1
Bd6 41. Nxd5 e3 0-1

[Event "Oberliga Ost B 2016 2017"]
[Site "Germany"]
[Date "2016.11.20"]
[Round "3.2"]
[White "Grafl, Florian"]
[Black "Brueggemann, Ludger"]
[Result "1/2-1/2"]
[WhiteElo "2396"]
[BlackElo "2190"]
[PlyCount "117"]
[EventDate "2016.10.16"]
[EventType "team-tourn"]
[EventCountry "GER"]
[WhiteTeam "Kasseler SK"]
[BlackTeam "Frankfurter TV"]
[WhiteTeamCountry "GER"]
[BlackTeamCountry "GER"]

1. d4 Nf6 2. Bf4 g6 3. Nc3 Bg7 4. Qd2 d5 5. Bh6 Bxh6 6. Qxh6 c5 7. dxc5 Qa5 8.
O-O-O Qxc5 9. e3 Bg4 10. Nge2 Nc6 11. h3 Bxe2 12. Bxe2 O-O-O 13. Qf4 Qd6 14.
Qa4 Qb4 15. Qxb4 Nxb4 16. Bf3 e6 17. g4 h6 18. Bg2 Rd7 19. Rd2 Rhd8 20. Rhd1
Kb8 21. f4 Nc6 22. Ne2 Kc7 23. Ng3 Ne8 24. e4 dxe4 25. Rxd7+ Rxd7 26. Rxd7+
Kxd7 27. Nxe4 b6 28. Kd2 Nb4 29. Nc3 Nd6 30. b3 Nc6 31. a3 f6 32. Ke3 g5 33.
Ne2 Nb5 34. c4 Nxa3 35. Kd3 b5 36. Kc3 b4+ 37. Kb2 gxf4 38. Nxf4 Nd4 39. Nh5
Ke7 40. Be4 a5 41. Bd3 f5 42. gxf5 exf5 43. Nf4 Kf6 44. Ng2 Ke5 45. Nh4 Kf4 46.
c5 Ke5 47. c6 Kd6 48. Bxf5 Kxc6 49. Bh7 Nab5 50. Ng2 Kc5 51. Ne3 Nc3 52. Bg8 a4
53. bxa4 Nxa4+ 54. Ka2 Nc3+ 55. Kb2 Nce2 56. h4 Nf4 57. Ng4 Nf5 58. Bh7 Nxh4
59. Nxh6 1/2-1/2

[Event "Oberliga Ost B 2016 2017"]
[Site "Germany"]
[Date "2016.11.20"]
[Round "3.3"]
[White "Rutkowski, Ingo"]
[Black "Hahn, Markus"]
[Result "0-1"]
[WhiteElo "2168"]
[BlackElo "2333"]
[PlyCount "96"]
[EventDate "2016.10.16"]
[EventType "team-tourn"]
[EventCountry "GER"]
[WhiteTeam "Frankfurter TV"]
[BlackTeam "Kasseler SK"]
[WhiteTeamCountry "GER"]
[BlackTeamCountry "GER"]

1. e4 c5 2. Nf3 e6 3. Nc3 a6 4. d4 cxd4 5. Nxd4 Qc7 6. Be2 b5 7. a3 Nc6 8. Nxc6
dxc6 9. Be3 e5 10. O-O Be6 11. Qe1 Nf6 12. f3 Be7 13. Qf2 O-O 14. Rfd1 Rfd8 15.
Bb6 Rxd1+ 16. Rxd1 Qb7 17. Bc5 Bxc5 18. Qxc5 Nd7 19. Qe7 Qb6+ 20. Kf1 Qd8 21.
Qd6 Rc8 22. b4 Qf8 23. a4 Qxd6 24. Rxd6 Kf8 25. axb5 axb5 26. Nd1 Ke7 27. Rd2
Ra8 28. c3 Nb6 29. Rc2 Ra1 30. Ke1 Bb3 31. Rb2 Bxd1 32. Bxd1 Nc4 33. Re2 g5 34.
g3 Rb1 35. Rc2 Ne3 36. Rd2 Rc1 37. Rd3 Nxd1 38. Rxd1 Rxc3 39. Ke2 Rc2+ 40. Ke3
Rc3+ 41. Ke2 Rb3 42. Rc1 Kd6 43. Rd1+ Kc7 44. Ra1 Kb6 45. Ra8 Rxb4 46. Rf8 Rd4
47. Rxf7 b4 48. Rf8 Kc5 0-1

[Event "Oberliga Ost B 2016 2017"]
[Site "Germany"]
[Date "2016.11.20"]
[Round "3.4"]
[White "Kersten, Uwe"]
[Black "Neininger, Ralph"]
[Result "1-0"]
[WhiteElo "2253"]
[BlackElo "2125"]
[PlyCount "91"]
[EventDate "2016.10.16"]
[EventType "team-tourn"]
[EventCountry "GER"]
[WhiteTeam "Kasseler SK"]
[BlackTeam "Frankfurter TV"]
[WhiteTeamCountry "GER"]
[BlackTeamCountry "GER"]

1. d4 d5 2. c4 dxc4 3. e3 e5 4. Bxc4 exd4 5. exd4 Bd6 6. Nf3 Nf6 7. O-O O-O 8.
Nc3 Nc6 9. h3 h6 10. Be3 Bf5 11. Nh4 Bh7 12. Qf3 Ne4 13. Nf5 Ng5 14. Qg4 Qf6
15. Nxd6 cxd6 16. Rad1 Bf5 17. Qg3 Ne4 18. Nxe4 Bxe4 19. f3 Bf5 20. Rfe1 Rac8
21. b3 Nb4 22. Bf4 Rfd8 23. d5 a6 24. a4 Nc2 25. Re2 Na3 26. Bd3 Bxd3 27. Rxd3
Nc2 28. Re4 a5 29. Bd2 Rc5 30. Kh2 Kh7 31. Rh4 Qg6 32. Rg4 Qf6 33. Re4 Qg6 34.
Qh4 Rd7 35. Bc3 f5 36. Re6 Qg5 37. Qf2 Nb4 38. f4 Qh5 39. Bxb4 axb4 40. Rxd6
Rdc7 41. Rd8 Rc3 42. d6 R7c6 43. Qd4 Rc8 44. Rxc8 Rxc8 45. d7 Rd8 46. Qxb4 1-0

[Event "Oberliga Ost B 2016 2017"]
[Site "Germany"]
[Date "2016.11.20"]
[Round "3.5"]
[White "Diyap, Murat"]
[Black "Kearns, Christopher"]
[Result "0-1"]
[WhiteElo "2084"]
[BlackElo "2180"]
[PlyCount "220"]
[EventDate "2016.10.16"]
[EventType "team-tourn"]
[EventCountry "GER"]
[WhiteTeam "Frankfurter TV"]
[BlackTeam "Kasseler SK"]
[WhiteTeamCountry "GER"]
[BlackTeamCountry "GER"]

1. e4 d5 2. exd5 Nf6 3. c4 e6 4. dxe6 Bxe6 5. Be2 Nc6 6. Nf3 Bc5 7. d3 Bf5 8.
Be3 Qe7 9. Qd2 O-O-O 10. Nc3 Bxe3 11. fxe3 Rhe8 12. Nh4 Be6 13. b3 Bd7 14. Rf1
Qxe3 15. Qxe3 Rxe3 16. Kd2 Rde8 17. Rae1 Nb4 18. Ne4 Nxe4+ 19. Kxe3 Ng3+ 20.
Kd2 Rxe2+ 21. Rxe2 Nxf1+ 22. Kc3 c5 23. g3 g5 24. Nf3 Bg4 25. Rf2 Ne3 26. Kd2
Bxf3 27. Rxf3 Ng4 28. Rxf7 Nxh2 29. Ke2 h6 30. Rh7 Ng4 31. Kf3 Ne5+ 32. Ke4 Nd7
33. Rxh6 Nxa2 34. Rh2 Nc1 35. Rb2 Ne5 36. d4 Ned3 37. Rc2 cxd4 38. Kxd4 Kc7 39.
Rc3 Nf4 40. Ke5 Nfe2 41. Re3 Kc6 42. Kf5 Nd4+ 43. Kxg5 Ncxb3 44. g4 a5 45. Kh5
Nc5 46. g5 Nce6 47. Kg6 Kc5 48. Re5+ Kb4 49. Kf6 a4 50. Rxe6 Nxe6 51. Kxe6 a3
52. g6 a2 53. g7 a1=Q 54. g8=Q Qa6+ 55. Kd7 Qc6+ 56. Kd8 b6 57. Qf8+ Qc5 58.
Qf7 Qxc4 59. Qe7+ Ka4 60. Qa7+ Kb5 61. Qd7+ Kb4 62. Qd6+ Qc5 63. Qd2+ Kc4 64.
Qe2+ Kd5 65. Qg2+ Kd4 66. Qg1+ Kc4 67. Qf1+ Kb4 68. Qb1+ Ka5 69. Qa2+ Kb5 70.
Qe2+ Kc6 71. Qe8+ Kb7 72. Qf7+ Ka6 73. Qa2+ Qa5 74. Qe6 Qd2+ 75. Kc7 Qc3+ 76.
Kb8 Qh8+ 77. Kc7 Qg7+ 78. Kd8 Qh8+ 79. Kc7 Qh2+ 80. Kc8 Qc2+ 81. Kd7 Ka5 82.
Qe1+ Ka4 83. Qh4+ Kb5 84. Qg5+ Kb4 85. Qh4+ Qc4 86. Qe1+ Ka4 87. Qa1+ Kb5 88.
Qb2+ Ka5 89. Qd2+ Qb4 90. Qc1 Qd4+ 91. Kc6 b5 92. Qa3+ Qa4 93. Qf8 Qc4+ 94. Kb7
Qd5+ 95. Kc7 b4 96. Qf2 Kb5 97. Qe1 b3 98. Qe8+ Kb4 99. Qe1+ Ka4 100. Qa1+ Kb5
101. Qb2 Ka4 102. Kb6 Qe4 103. Ka6 Qc2 104. Qf6 b2 105. Qb6 Ka3 106. Qd6+ Ka2
107. Qd5+ Qb3 108. Qd2 Qc4+ 109. Ka5 Ka1 110. Qe1+ b1=Q 0-1

[Event "Oberliga Ost B 2016 2017"]
[Site "Germany"]
[Date "2016.11.20"]
[Round "3.6"]
[White "Aslan, Benjamin"]
[Black "Du Maire, Jerome"]
[Result "1-0"]
[WhiteElo "2170"]
[BlackElo "2169"]
[PlyCount "41"]
[EventDate "2016.10.16"]
[EventType "team-tourn"]
[EventCountry "GER"]
[WhiteTeam "Kasseler SK"]
[BlackTeam "Frankfurter TV"]
[WhiteTeamCountry "GER"]
[BlackTeamCountry "GER"]

1. d4 Nf6 2. Nf3 e6 3. g3 c5 4. c4 cxd4 5. Nxd4 d6 6. Bg2 Be7 7. O-O O-O 8. Nc3
a6 9. b3 Qc7 10. Bb2 Nc6 11. Rc1 Bd7 12. Nd5 exd5 13. cxd5 Nxd5 14. Bxd5 Rac8
15. Qd3 Qa5 16. Nf5 Bxf5 17. Qxf5 Qxa2 18. Rc2 Nd4 19. Bxf7+ Rxf7 20. Qxc8+ Rf8
21. Bxd4 1-0

[Event "Oberliga Ost B 2016 2017"]
[Site "Germany"]
[Date "2016.11.20"]
[Round "3.7"]
[White "Krzesinski, Paul"]
[Black "Hoepfner, Tim"]
[Result "1-0"]
[WhiteElo "2046"]
[BlackElo "1967"]
[PlyCount "117"]
[EventDate "2016.10.16"]
[EventType "team-tourn"]
[EventCountry "GER"]
[WhiteTeam "Frankfurter TV"]
[BlackTeam "Kasseler SK"]
[WhiteTeamCountry "GER"]
[BlackTeamCountry "GER"]

1. e4 c5 2. Nf3 d6 3. d4 cxd4 4. Nxd4 Nf6 5. Nc3 a6 6. Be2 e5 7. Nb3 Be6 8. Be3
Be7 9. O-O O-O 10. f4 Qc7 11. a4 b6 12. Nd2 Rd8 13. f5 Bc8 14. g4 d5 15. Nxd5
Nxd5 16. exd5 Bb7 17. c4 Nd7 18. Qb3 Bc5 19. Bf3 Rac8 20. Rfe1 h6 21. Rac1 Nf6
22. h3 Re8 23. Ne4 Nxe4 24. Bxe4 f6 25. Kg2 Rb8 26. Kf3 Qd6 27. Bd2 Red8 28.
Qc3 b5 29. b3 b4 30. Qd3 a5 31. h4 Kf7 32. Rh1 Rh8 33. Rh3 Ba6 34. Rch1 Rbg8
35. R1h2 Ke7 36. Rg3 Bc8 37. Be3 Qc7 38. Rhg2 Bd7 39. g5 hxg5 40. hxg5 Rf8 41.
Rd2 Kd6 42. Rdg2 Rh4 43. gxf6 gxf6 44. Rg6 Be8 45. Bh6 Rf7 46. Kg3 Rh1 47. Re2
Rg1+ 48. Bg2 Bd7 49. Bg7 Qd8 50. Rg4 Be8 51. Bh6 Qb6 52. Rxe5 fxe5 53. Rg6+ Kd7
54. Rxb6 Bxb6 55. c5 Bd8 56. d6 Rh7 57. Qb5+ Kc8 58. Qa6+ Kb8 59. Qa8# 1-0

[Event "Oberliga Ost B 2016 2017"]
[Site "Germany"]
[Date "2016.11.20"]
[Round "3.8"]
[White "Schnegelberger, Leon"]
[Black "Schmidt, Max"]
[Result "1-0"]
[WhiteElo "1860"]
[BlackElo "1879"]
[PlyCount "77"]
[EventDate "2016.10.16"]
[EventType "team-tourn"]
[EventCountry "GER"]
[WhiteTeam "Kasseler SK"]
[BlackTeam "Frankfurter TV"]
[WhiteTeamCountry "GER"]
[BlackTeamCountry "GER"]

1. d4 Nf6 2. c4 e6 3. Nc3 Bb4 4. e3 b6 5. Bd3 Bb7 6. f3 c5 7. Nge2 cxd4 8. Nxd4
Nc6 9. Nxc6 dxc6 10. Qc2 Qc7 11. Bd2 Nd7 12. a3 Be7 13. Ne4 Nc5 14. Nxc5 Bxc5
15. b4 Qe5 16. Kf2 Be7 17. Bc3 Qg5 18. Be4 f5 19. Bd3 O-O 20. Rhe1 c5 21. e4
Qh5 22. Kg1 Bd6 23. e5 Be7 24. Qf2 Rad8 25. Rad1 a6 26. Be2 g5 27. bxc5 Bxc5
28. Bd4 Rxd4 29. Rxd4 Bxa3 30. f4 g4 31. Red1 Bc5 32. Kh1 Qf7 33. Qh4 Bxd4 34.
Rxd4 Bc6 35. Rd6 Qb7 36. Qg5+ Kh8 37. Bf1 Bd7 38. Qe7 Qc8 39. Rxd7 1-0

[Event "Oberliga Ost B 2016 2017"]
[Site "Germany"]
[Date "2016.11.20"]
[Round "3.1"]
[White "Lubbe, Nikolas"]
[Black "Chojnacki, Krzysztof"]
[Result "1-0"]
[WhiteElo "2500"]
[BlackElo "2385"]
[PlyCount "151"]
[EventDate "2016.10.16"]
[EventType "team-tourn"]
[EventCountry "GER"]
[WhiteTeam "Neuberg SF"]
[BlackTeam "Wiesbadener SV"]
[WhiteTeamCountry "GER"]
[BlackTeamCountry "GER"]

1. d4 Nf6 2. Nf3 g6 3. g3 Bg7 4. Bg2 O-O 5. O-O d6 6. c4 Nc6 7. Nc3 a6 8. b3 e5
9. dxe5 dxe5 10. Ba3 Re8 11. Qxd8 Rxd8 12. Rad1 Bf5 13. Nh4 Be6 14. Bxc6 bxc6
15. Na4 Nd7 16. Ng2 Nb6 17. Nc5 Bh3 18. Nb7 Rd4 19. Na5 Bd7 20. Ne3 Rd8 21. Nc2
Rxd1 22. Rxd1 Re8 23. Bc5 e4 24. Nd4 Bg4 25. Naxc6 Bxd4 26. Nxd4 Nd7 27. Ba3
Ne5 28. Rd2 Rd8 29. Be7 Rd7 30. Bc5 Nc6 31. Kf1 Nxd4 32. Rxd4 Rxd4 33. Bxd4 Kf8
34. Ke1 Ke7 35. Kd2 Kd6 36. Ke3 h5 37. Bg7 Kd7 38. a4 c6 39. a5 Kd6 40. Bf8+
Kd7 41. Bc5 Kc7 42. Bf8 Kd7 43. Bg7 Kd6 44. Bh6 Kc7 45. Bf4+ Kc8 46. Be5 Kb7
47. Bd6 Kc8 48. Bf4 Kb7 49. Kxe4 Bxe2 50. Ke5 Bg4 51. Kf6 Be6 52. Ke7 Kc8 53.
f3 Kb7 54. Be5 Kc8 55. h4 Kb7 56. Kf6 Kc8 57. Kg5 Kd7 58. g4 hxg4 59. fxg4 Ke7
60. Bf6+ Kf8 61. Kf4 Kg8 62. Ke5 Bxg4 63. Kd6 Bd1 64. Kxc6 Bxb3 65. c5 Kf8 66.
Kd7 Be6+ 67. Kd8 Bd5 68. Be7+ Kg7 69. Kd7 Be6+ 70. Kd6 Bg4 71. c6 f5 72. Bg5 f4
73. Bxf4 Kf7 74. Kc7 Bf3 75. Kd7 Bg4+ 76. Kd8 1-0

[Event "Oberliga Ost B 2016 2017"]
[Site "Germany"]
[Date "2016.11.20"]
[Round "3.2"]
[White "Geske, Julian"]
[Black "Lubbe, Melanie"]
[Result "0-1"]
[WhiteElo "2399"]
[BlackElo "2261"]
[PlyCount "102"]
[EventDate "2016.10.16"]
[EventType "team-tourn"]
[EventCountry "GER"]
[WhiteTeam "Wiesbadener SV"]
[BlackTeam "Neuberg SF"]
[WhiteTeamCountry "GER"]
[BlackTeamCountry "GER"]

1. d4 Nf6 2. g3 g6 3. Bg2 Bg7 4. e4 d6 5. Ne2 O-O 6. O-O e5 7. h3 c6 8. Nbc3 a5
9. a4 Na6 10. Be3 Nb4 11. Qd2 Be6 12. Rad1 Bc4 13. b3 Ba6 14. f4 Qc7 15. Rf2
Rad8 16. Nc1 Rfe8 17. f5 d5 18. fxg6 hxg6 19. exd5 Nfxd5 20. Nxd5 Nxd5 21. Bg5
Ne7 22. d5 cxd5 23. Bxe7 Rxe7 24. Bxd5 Rde8 25. c4 Kh7 26. Ne2 Bh6 27. Qc3 b6
28. Qf3 f5 29. Kg2 Bc8 30. Nc3 Qc5 31. Qd3 e4 32. Qc2 Bg7 33. Rfd2 Be5 34. Rf2
Kg7 35. Rdf1 Qe3 36. Ne2 Rh8 37. Rh1 Bd7 38. Qd1 Rh6 39. h4 g5 40. hxg5 Rxh1
41. Qxh1 Qxg5 42. Qc1 Qxc1 43. Nxc1 Kh6 44. Rf1 Kg5 45. Ne2 Be8 46. Nf4 Bxf4
47. Rxf4 Bh5 48. Rf1 Bf3+ 49. Kf2 Kg4 50. b4 axb4 51. Rb1 e3+ 0-1

[Event "Oberliga Ost B 2016 2017"]
[Site "Germany"]
[Date "2016.11.20"]
[Round "3.3"]
[White "Kuenstler, Christian"]
[Black "Dubkov, Andrej"]
[Result "1/2-1/2"]
[WhiteElo "2259"]
[BlackElo "2283"]
[PlyCount "20"]
[EventDate "2016.10.16"]
[EventType "team-tourn"]
[EventCountry "GER"]
[WhiteTeam "Neuberg SF"]
[BlackTeam "Wiesbadener SV"]
[WhiteTeamCountry "GER"]
[BlackTeamCountry "GER"]

1. e4 c6 2. c4 d5 3. exd5 cxd5 4. cxd5 Nf6 5. Nc3 g6 6. Bc4 Bg7 7. Nf3 O-O 8.
O-O Na6 9. Re1 Nc7 10. Qb3 a6 1/2-1/2

[Event "Oberliga Ost B 2016 2017"]
[Site "Germany"]
[Date "2016.11.20"]
[Round "3.4"]
[White "Nehmert, Ulrich"]
[Black "Wahedi, Ahmad Siar"]
[Result "1-0"]
[WhiteElo "2324"]
[BlackElo "2294"]
[PlyCount "109"]
[EventDate "2016.10.16"]
[EventType "team-tourn"]
[EventCountry "GER"]
[WhiteTeam "Wiesbadener SV"]
[BlackTeam "Neuberg SF"]
[WhiteTeamCountry "GER"]
[BlackTeamCountry "GER"]

1. e4 e6 2. d4 d5 3. e5 c5 4. c3 Nc6 5. Nf3 Nh6 6. Bd3 cxd4 7. cxd4 Nf5 8. Bxf5
exf5 9. O-O Be6 10. Nc3 h6 11. Nb5 a6 12. Nd6+ Bxd6 13. exd6 Qxd6 14. g3 O-O
15. Bf4 Qd7 16. h4 f6 17. h5 Bf7 18. Nh4 Rfe8 19. Be3 f4 20. gxf4 Qh3 21. Ng6
Ne7 22. f5 Nxf5 23. Nf4 Qh4 24. Qf3 Re4 25. Rfd1 Rae8 26. Rd3 Bxh5 27. Qxh5
Qxh5 28. Nxh5 Rg4+ 29. Ng3 Rxe3 30. fxe3 Nxg3 31. Kh2 h5 32. Rg1 h4 33. Rb3 Re4
34. Rxb7 Rxe3 35. a4 Kh7 36. a5 Kh6 37. b4 g5 38. Rb6 Ne4 39. Rxa6 Rb3 40. Rb6
Kh5 41. Rb8 g4 42. Rh8+ Kg5 43. Rg8+ Kf5 44. Rf1+ Ke6 45. Rxg4 Rxb4 46. Ra1 Ng5
47. a6 Rb8 48. a7 Ra8 49. Rf4 Ne4 50. Ra6+ Kd7 51. Rxh4 Ng5 52. Rf4 Ne6 53.
Rxf6 Nxd4 54. Rf7+ Kc8 55. Rh6 1-0

[Event "Oberliga Ost B 2016 2017"]
[Site "Germany"]
[Date "2016.11.20"]
[Round "3.6"]
[White "Minor, Samuel"]
[Black "Seifert, Christopher"]
[Result "1/2-1/2"]
[WhiteElo "2189"]
[BlackElo "2294"]
[PlyCount "74"]
[EventDate "2016.10.16"]
[EventType "team-tourn"]
[EventCountry "GER"]
[WhiteTeam "Wiesbadener SV"]
[BlackTeam "Neuberg SF"]
[WhiteTeamCountry "GER"]
[BlackTeamCountry "GER"]

1. e4 c5 2. Nf3 Nc6 3. Nc3 e6 4. d4 cxd4 5. Nxd4 Nf6 6. Ndb5 Bb4 7. a3 Bxc3+ 8.
Nxc3 d5 9. exd5 exd5 10. Bd3 O-O 11. O-O d4 12. Ne2 Bg4 13. f3 Bh5 14. Nf4 Bg6
15. Nxg6 hxg6 16. Re1 Nd5 17. Bc4 Rc8 18. Qe2 Nb6 19. Bd3 Qd7 20. Bf4 Na4 21.
b3 Nc5 22. Bc4 d3 23. Qf2 Na5 24. Be3 Nxc4 25. Bxc5 Nd6 26. Rad1 dxc2 27. Rxd6
Qxd6 28. Bxd6 c1=Q 29. Bxf8 Kxf8 30. Rxc1 Rxc1+ 31. Qf1 Rxf1+ 32. Kxf1 g5 33.
Ke2 Ke7 34. Kd3 Ke6 35. Kd4 Kd6 36. g3 f6 37. Kc4 Kc6 1/2-1/2

[Event "Oberliga Ost B 2016 2017"]
[Site "Germany"]
[Date "2016.11.20"]
[Round "3.7"]
[White "Lutz, Klaus Juergen"]
[Black "Kayser, Felix"]
[Result "0-1"]
[WhiteElo "2277"]
[BlackElo "2171"]
[PlyCount "86"]
[EventDate "2016.10.16"]
[EventType "team-tourn"]
[EventCountry "GER"]
[WhiteTeam "Neuberg SF"]
[BlackTeam "Wiesbadener SV"]
[WhiteTeamCountry "GER"]
[BlackTeamCountry "GER"]

1. d4 d5 2. Nc3 g6 3. h4 Nf6 4. Bg5 Bg7 5. Qd2 Nc6 6. Nh3 h6 7. Bxf6 Bxf6 8. e3
a6 9. Nf4 e6 10. g3 b6 11. Bg2 Bb7 12. Qe2 Qe7 13. a3 Bg7 14. Qg4 Nb8 15. Nd3
Nd7 16. Qf4 O-O-O 17. Qg4 Kb8 18. Qe2 Ka7 19. O-O g5 20. h5 f5 21. Rfe1 Qf7 22.
a4 g4 23. Nb4 Bf8 24. Nd3 Qxh5 25. a5 b5 26. Nf4 Qf7 27. Nxb5+ axb5 28. Qxb5
Ba6 29. Qc6 Bd6 30. Rec1 Nb8 31. Qa4 Bxf4 32. exf4 Qd7 33. Qb4 Qd6 34. Qd2 Nd7
35. b4 Rb8 36. Rcb1 Nf6 37. b5 Bxb5 38. a6 Rb6 39. Ra5 Rhb8 40. Rb3 Bc4 41. Rc3
Rb1+ 42. Kh2 R8b5 43. Rxb5 Rxb5 0-1

[Event "Oberliga Ost B 2016 2017"]
[Site "Germany"]
[Date "2016.11.20"]
[Round "3.8"]
[White "Boehmer, Thomas"]
[Black "Schaffer, Hendrik"]
[Result "1/2-1/2"]
[WhiteElo "2037"]
[BlackElo "2267"]
[PlyCount "31"]
[EventDate "2016.10.16"]
[EventType "team-tourn"]
[EventCountry "GER"]
[WhiteTeam "Wiesbadener SV"]
[BlackTeam "Neuberg SF"]
[WhiteTeamCountry "GER"]
[BlackTeamCountry "GER"]

1. d4 Nf6 2. c4 g6 3. Nc3 d5 4. cxd5 Nxd5 5. e4 Nxc3 6. bxc3 Bg7 7. Bc4 c5 8.
Ne2 O-O 9. O-O Bg4 10. f3 Bd7 11. Rb1 Nc6 12. Be3 cxd4 13. cxd4 Rc8 14. Qd2 Na5
15. Bd3 b6 16. Rfc1 1/2-1/2